Advances in database programming languages

Αποθηκεύτηκε σε:
Λεπτομέρειες βιβλιογραφικής εγγραφής
Άλλοι συγγραφείς: Bancilhon, Francois, Buneman, Peter 1943-
Μορφή: Βιβλίο
Γλώσσα:English
Δημοσίευση: New York, N.Y. : Reading, Mass. : ACM Press, Addison-Wesley Pub. Co., c1990
Σειρά:ACM Press frontier series
Θέματα:
Ετικέτες: Προσθήκη ετικέτας
Δεν υπάρχουν, Καταχωρήστε ετικέτα πρώτοι!

MARC

LEADER 00000cam a2200000 i 4500
001 1/26129
008 950724s1990 eng d
020 |a 0201502577 
035 |l 10022615 
040 |a GR-MY-UA  |b gre  |e aacr 
041 0 |a eng 
082 0 |a 005.74  |2 (20) 
245 1 0 |a Advances in database programming languages /  |c edited by Franπcois Bancilhon, Peter Buneman 
260 |a New York, N.Y. :   |a Reading, Mass. :   |b ACM Press,   |b Addison-Wesley Pub. Co.,   |c c1990 
300 |a xvii, 457 p.;  |b ill.;  |c 24 cm 
490 1 |a ACM Press frontier series 
504 |a Includes bibliographical references 
650 0 0 |a Database management. 
700 1 |a Bancilhon, Francois. 
700 1 |a Buneman, Peter  |d 1943- 
830 0 |a ACM Press frontier series 
852 |a INST  |b CHIOS  |e 19950724  |h 005.74 ADV  |p 005200002436  |q 005200002436  |t BK  |y 0 
909 |a Χ  |b 019304